Сферы использования исследовательских реакторов; Атомная техника за рубежом; № 9

Podrobná bibliografie
Parent link:Атомная техника за рубежом: научно-технический журнал/ Росатом; Государственная корпорация по атомной энергии; Ядерное общество России (ЯОР).— , 1957-.— 0320-9326
№ 9.— 2002.— С. 3-7
Hlavní autor: Твэлов Ю.
Jazyk:ruština
Vydáno: 2002
Edice:Обзоры
Témata:
Médium: Kapitola
KOHA link:https://koha.lib.tpu.ru/cgi-bin/koha/opac-detail.pl?biblionumber=384037

MARC

LEADER 00000naa2a2200000 4500
001 384037
005 20231101063213.0
035 |a (RuTPU)RU\TPU\prd\10279 
090 |a 384037 
100 |a 20030130a2002 k y0rusy50 ca 
101 0 |a rus 
102 |a RU 
200 1 |a Сферы использования исследовательских реакторов  |f Ю. Твэлов 
225 1 |a Обзоры 
320 |a Библиогр.: 5 назв. 
461 1 |0 (RuTPU)RU\TPU\prd\1300  |x 0320-9326  |t Атомная техника за рубежом  |o научно-технический журнал  |f Росатом; Государственная корпорация по атомной энергии; Ядерное общество России (ЯОР)  |d 1957- 
463 1 |0 (RuTPU)RU\TPU\prd\7852  |t № 9  |v С. 3-7  |d 2002 
610 1 |a исследовательские реакторы 
610 1 |a серия TECDOR 
610 1 |a нейтронный активационный анализ 
610 1 |a источник холодных нейтронов 
610 1 |a нейтронография 
610 1 |a нейтронозахватная терапия 
675 |a 621.039.58  |v 3 
700 1 |a Твэлов  |b Ю.  |2 stltpush  |3 (RuTPU)RU\TPU\pers\2120 
801 1 |a RU  |b 63413507  |c 20030130  |g PSBO 
801 2 |a RU  |b 63413507  |c 20120419  |g RCR 
942 |c BK